LEADER 02686nam 2200625Ia 450 001 9910465678103321 005 20210421234527.0 010 $a0-8143-3883-6 035 $a(CKB)2560000000101969 035 $a(EBL)3416554 035 $a(SSID)ssj0001101265 035 $a(PQKBManifestationID)11985899 035 $a(PQKBTitleCode)TC0001101265 035 $a(PQKBWorkID)11067029 035 $a(PQKB)10357554 035 $a(MiAaPQ)EBC3416554 035 $a(OCoLC)868216146 035 $a(MdBmJHUP)muse20093 035 $a(Au-PeEL)EBL3416554 035 $a(CaPaEBR)ebr10715453 035 $a(OCoLC)873031998 035 $a(EXLCZ)992560000000101969 100 $a20020927d2002 uy 0 101 0 $aeng 135 $aur|n|---||||| 181 $ctxt 182 $cc 183 $acr 200 04$aThe Nazis' last victims$b[electronic resource] $ethe Holocaust in Hungary /$fedited by Randolph L. Braham with Scott Miller 205 $aPbk. ed. 210 $aDetroit $cWayne State University Press ; Washington, D.C. $cpublished in association with the United States Holocaust Memorial Museum$d2002 215 $a1 online resource (204 p.) 300 $a"Published in association with the United States Holocaust Memorial Museum." 311 $a0-8143-3095-9 320 $aIncludes bibliographical references and index. 327 $a""Cover""; ""Title Page""; ""Copyright""; ""Contents""; ""Illustrations, Maps""; ""Foreword""; ""Preface""; ""THE HOLOCAUST IN HUNGARY: A RETROSPECTIVE ANALYSIS""; ""GERMANS. HUNGARIANS, AND THEDESTRUCTION OF HUNGARIAN JEWRY""; ""THE PREPARATIONS FOR THE HOLOCAUST INHUNGARY: AN EYEWITNESS ACCOUNT""; ""THE LAST PHASE OF THE HUNGARIAN HOLOCAUST:THE SZALASI REGIME AND THE JEWS""; ""THE DILEMMA OF RESCUE OR REVOLT""; ""INTERNATIONAL INTERVENTION:THE ROLE OF DIPLOMATS IN ATTEMPTS TORESCUE JEWS IN HUNGARY""; ""UNLEARNING THE HOLOCAUST:RECOLLECTIONS AND REACTIONS""; ""PERSONAL RECOLLECTIONS"" 327 $a""CONTRIBUTORS""""INDEX OF PERSONS""; ""INDEX OF PLACES"" 517 3 $aHolocaust in Hungary 606 $aJews$xPersecutions$zHungary 606 $aHolocaust, Jewish (1939-1945)$zHungary 607 $aHungary$xEthnic relations 608 $aElectronic books. 615 0$aJews$xPersecutions 615 0$aHolocaust, Jewish (1939-1945) 676 $a940.53/18/09439 701 $aBraham$b Randolph L$0676637 701 $aMiller$b Scott$f1958-$0931352 712 02$aUnited States Holocaust Memorial Museum. 801 0$bMiAaPQ 801 1$bMiAaPQ 801 2$bMiAaPQ 906 $aBOOK 912 $a9910465678103321 996 $aThe Nazis' last victims$92095115 997 $aUNINA LEADER 05502nam 2200757 450 001 9910461024803321 005 20210311111955.0 010 $a1-78032-255-0 010 $a1-283-35508-6 010 $a9786613355089 010 $a1-78032-122-8 024 7 $a10.5040/9781350223424 035 $a(CKB)2670000000131461 035 $a(SSID)ssj0000639868 035 $a(PQKBManifestationID)12272686 035 $a(PQKBTitleCode)TC0000639868 035 $a(PQKBWorkID)10611129 035 $a(PQKB)10734166 035 $a(SSID)ssj0000908337 035 $a(PQKBManifestationID)12401850 035 $a(PQKBTitleCode)TC0000908337 035 $a(PQKBWorkID)10901070 035 $a(PQKB)11212244 035 $a(MiAaPQ)EBC819938 035 $a(MiAaPQ)EBC4708230 035 $a(Au-PeEL)EBL819938 035 $a(CaPaEBR)ebr10520623 035 $a(CaONFJC)MIL335508 035 $a(OCoLC)768083072 035 $a(CaBNVSL)9781350223424 035 $a(EXLCZ)992670000000131461 100 $a20210311h20212011 uy 0 101 0 $aeng 135 $aurcn||||||||| 181 $ctxt 182 $cc 183 $acr 200 04$aThe politics of indigeneity $edialogues and reflections on indigenous activism /$fedited by Sita Vankateswar and Emma Hughes 210 1$aLondon, England :$cZed Books,$d2011. 210 2$a[London, England] :$cBloomsbury Publishing,$d2021 215 $a283 p. $cill., maps 300 $aBenno Glauser. 311 $a1-78032-120-1 311 $a1-78032-121-X 320 $aIncludes bibliographical references (pages 264-272) and index. 327 $aAbout the editors; Figures and table; Figures; 1.1 Ayoreo territory; 1.2 Aquino Aquiraoi Picanerai; 1.3 Mateo Sobode Chiquenoi II; 3.1 Batwa ancestral territories; 4.1 New Nubia; 4.2 Old Nubia; 5.1 Thailand; 6.1 The Nicobar Islands; 6.2 Chupon and Simron Singh; 7.1 The Andaman Islands in the Bay of Bengal; Table; 4.1 Political timeline for Nubia; Abbreviations; Additional materials; Introduction; Invocation: What the spirit said to Ibegua Chiquen?oro; Credits; Part One. Settler: South America and New Zealand. 327 $a1. Being indigenous: the concept of indigeneity, a conversation with two Ayoreo leadersIntroduction; Figure 1.1 Ayoreo territory; Methodology; The interview; Figure 1.2 Aquino Aquiraoi Picanerai; Figure 1.3 Mateo Sobode Chiquenoi II; Conclusions; Comment; Simron Jit Singh; Reply; Acknowledgments; 2. Beyond indigenous civilities: indigenous matters; 1INDIGENOUS STRUGGLES; 2INDIGENOUS CIVILITIES; A response from the wilderness; The backstory: Gareth's challenge; Reclamation of the discursive terrain: shifting across two different plains of interaction. 327 $aThe reclamation of language and the imaginative space -- claiming a right to the future3VISIONS FOR THE FUTURE; Moana Jackson's response; Helen Te Hira's response; Helen Potter's response; Kane Te Manakura's response; Ian Takarangi's response; Comment; Avril Bell; Reply: Teanau Tuiono; Reply: Avril Bell; Conclusion; Glossary; Acknowledgements; Part Two. Post-colonial: Africa and Asia; 3. Mapping everyday practices as rights of resistance: indigenous peoples in Central Africa; Introduction; Figure 3.1 Batwa ancestral territories; 1 INDIGENEITY AS LIVED EXPERIENCE; Interview 1; Interview 2. 327 $a2 INDIGENEITY AS SUBVERSIONThe difficulty in acceptance; A legitimate alternative; 3 INDIGENEITY AS ACCOMMODATION; Conclusion; Comment; Benno Glauser; Reply; 4. Displacement and indigenous rights: the Nubian case; Introduction; 1 DIALOGUES; Interview 1: Suad Ibrahim Ahmed, 11 April 2008, Khartoum; Interview 2: Dr Ahmed Sokarno, lecturer in linguistics at South Valley University, Aswan, 1 April, Aswan; Figure 4.1 New Nubia; Figure 4.2 Old Nubia; 2 INDIGENOUS RIGHTS AND IDENTITY POLITICS; Division, relocation and gendered change; Relationship with the state -- the line you cannot cross. 327 $aPoliticization of identityVisions for the future; Comment; Christopher Kidd; Reply; Table 4.1 Political timeline for Nubia; Acknowledgements; 5. Being indigenous in northern Thailand; Highlanders as indigenous peoples; The challenges of being indigenous in northern Thailand; Working to claim indigeneity; DIALOGUE; NGO/activist views; Village views; Figure 5.1 Thailand; Analysis; Comment; Sita Venkateswar; Reply; Glossary; Acknowledgements; 6. Chupon's dilemma: a dialogue; Prologue; Figure 6.1 The Nicobar Islands; Chupon's dilemma; Figure 6.2 Chupon and Simron Singh; Epilogue; Comment. 330 $aThe Politics of Indigeneity explores the concept of indigeneity across the world and the ways in which it intersects with local, national and international social and political realities. The authors discuss with indigenous spokespersons, scholars and activists the possibilities of a 'second-wave indigeneity', one that is alert to the challenges posed by the neoliberal agenda of nation-states. The Politics of Indigeneity is a vital and timely contribution to an often contentious topic. 606 $aIndigenous peoples 606 $aPolitics & government$2bicssc 608 $aElectronic books. 615 0$aIndigenous peoples. 615 7$aPolitics & government 676 $a320.089 702 $aVenkateswar$b Sita 702 $aHughes$b Emma 801 0$bEBLCP 801 1$bCaBNVSL 801 2$bCaBNVSL 906 $aBOOK 912 $a9910461024803321 996 $aThe politics of indigeneity$91967953 997 $aUNINA